000 00263nam a2200109Ia 4500
008 190912s9999||||xx |||||||||||||| ||und||
100 _aIra Pohl
245 0 _aObject Oriented Programming Using C++
260 _aUSA
_bMcGraw Hill
_c2000
300 _a543
942 _cBK
999 _c7461
_d7461